000 00368nam a2200157Ia 4500
008 230711s9999||||xx |||||||||||||| ||und||
041 _aENG
082 _a720
_bPM-H
100 _aPMCA
245 0 _aHall of fame
250 _a1st Ed.
260 _c2012
_aCuttack
_bCuttack,Piloo Mody College of Architecture
300 _a121
650 _aArchitecture
942 _cBK
999 _c5663
_d5663